000 00437nam a2200169Ia 4500
003 GCL
008 140319s9999 xx 000 0 eng d
040 _aGCL /
_cGCL
082 0 4 _a840
_bN C
100 1 _aNOUR EDDINE EL- ABASSY
245 1 0 _aCHARME ET COMTRE - CHARMES /
_cNOUR EDDINE EL- ABASSY
260 _a[S.N] :
_bMAISON TUNISIENNE
300 _a131 P
650 0 4 _aLITERATURE
650 0 4 _aFRENCH LITERATURE
942 _2ddc
_cBK
999 _c20580
_d20580